[Event "2nd Sharjah Masters International Chess Championship"]
[Site "Sharjah Culture & Chess Club"]
[Date "2018.04.19"]
[Round "9"]
[Board "28"]
[White "Soumya, Swaminathan"]
[Black "Nyazi, Nehad"]
[Result "1-0"]
[WhiteElo "2354"]
[BlackElo "2213"]
[PlyCount "0"]
[EventDate "2018.04.12"]
[EventRounds "9"]
[EventCountry "UAE"]

1. e4 {[%clk 1:30:56]} c6 {[%clk 1:28:58]} 2. d4 {[%clk 1:31:21]} d5
{[%clk 1:29:23]} 3. e5 {[%clk 1:31:48]} Bf5 {[%clk 1:29:27]} 4. Nd2
{[%clk 1:32:11]} e6 {[%clk 1:29:51]} 5. Nb3 {[%clk 1:32:34]} Nd7 {[%clk 1:30:13]}
6. Nf3 {[%clk 1:32:28]} Qc7 {[%clk 1:30:32]} 7. Be3 {[%clk 1:31:19]} f6
{[%clk 1:30:57]} 8. exf6 {[%clk 1:28:27]} Ngxf6 {[%clk 1:31:19]} 9. Be2
{[%clk 1:26:53]} Bd6 {[%clk 1:31:37]} 10. h3 {[%clk 1:15:31]} O-O
{[%clk 1:31:57]} 11. O-O {[%clk 1:13:12]} Rae8 {[%clk 1:20:33]} 12. a4
{[%clk 0:58:23]} Ne4 {[%clk 1:20:37]} 13. a5 {[%clk 0:53:20]} Rf6
{[%clk 1:10:15]} 14. Kh1 {[%clk 0:45:52]} Ref8 {[%clk 1:08:17]} 15. Nc1
{[%clk 0:39:40]} g5 {[%clk 0:44:52]} 16. Nxg5 {[%clk 0:36:59]} Nxg5
{[%clk 0:28:19]} 17. Bxg5 {[%clk 0:37:27]} Rg6 {[%clk 0:28:38]} 18. Be3
{[%clk 0:33:24]} Nf6 {[%clk 0:22:35]} 19. Nd3 {[%clk 0:29:00]} Be4
{[%clk 0:09:42]} 20. f3 {[%clk 0:20:27]} Qg7 {[%clk 0:02:17]} 21. Bf4
{[%clk 0:14:08]} Bxd3 {[%clk 0:00:52]} 22. Bxd6 {[%clk 0:14:28]} Rd8
{[%clk 0:00:41]} 23. Bxd3 {[%clk 0:14:38]} Rxg2 {[%clk 0:01:05]} 24. Be5
{[%clk 0:14:39]} Kf7 {[%clk 0:00:53]} 25. Qc1 {[%clk 0:10:34]} Rg3
{[%clk 0:00:35]} 26. Bxg3 {[%clk 0:10:38]} Qxg3 {[%clk 0:00:54]} 27. Qd2
{[%clk 0:10:58]} Rg8 {[%clk 0:00:41]} 28. Qh2 {[%clk 0:11:15]} 1-0

[Event "2nd Sharjah Masters International Chess Championship"]
[Site "Sharjah Culture & Chess Club"]
[Date "2018.04.19"]
[Round "9"]
[Board "29"]
[White "Ajay, Karthikeyan"]
[Black "Kowsarinia, Amir"]
[Result "1-0"]
[WhiteElo "2127"]
[BlackElo "2316"]
[PlyCount "0"]
[EventDate "2018.04.12"]
[EventRounds "9"]
[EventCountry "UAE"]

1. d4 Nf6 {[%clk 1:30:47]} 2. Bf4 {[%clk 1:29:58]} g6 {[%clk 1:31:10]} 3. Nc3
{[%clk 1:30:19]} c5 {[%clk 1:29:40]} 4. d5 {[%clk 1:27:34]} Qb6 {[%clk 1:29:29]}
5. Qd2 {[%clk 1:18:45]} Bg7 {[%clk 1:29:11]} 6. Rb1 {[%clk 1:17:02]} d6
{[%clk 1:28:36]} 7. e4 {[%clk 1:17:25]} Nbd7 {[%clk 1:27:49]} 8. Nf3
{[%clk 1:16:53]} a6 {[%clk 1:27:58]} 9. Be2 {[%clk 1:11:57]} Qc7 {[%clk 1:26:34]}
10. a4 {[%clk 1:11:57]} O-O {[%clk 1:24:40]} 11. O-O {[%clk 1:11:47]} Re8
{[%clk 1:20:51]} 12. h3 {[%clk 1:08:52]} c4 {[%clk 1:11:16]} 13. Nd4
{[%clk 0:59:03]} Nc5 {[%clk 1:05:45]} 14. f3 {[%clk 0:59:01]} Bd7
{[%clk 1:04:29]} 15. b3 {[%clk 0:58:41]} cxb3 {[%clk 1:02:34]} 16. cxb3
{[%clk 0:59:06]} Rec8 {[%clk 0:59:47]} 17. Rfc1 {[%clk 0:57:58]} Qd8
{[%clk 1:00:04]} 18. a5 {[%clk 0:50:54]} Nh5 {[%clk 0:48:21]} 19. Be3
{[%clk 0:49:53]} e5 {[%clk 0:48:21]} 20. dxe6 {[%clk 0:49:53]} Nxe6
{[%clk 0:48:39]} 21. Nxe6 {[%clk 0:45:02]} fxe6 {[%clk 0:43:47]} 22. Bc4
{[%clk 0:41:17]} Rc6 {[%clk 0:31:43]} 23. Ne2 {[%clk 0:40:37]} Qe7
{[%clk 0:26:55]} 24. Qb4 {[%clk 0:28:51]} Rb8 {[%clk 0:14:01]} 25. Rd1
{[%clk 0:28:44]} Bf8 {[%clk 0:12:56]} 26. Rd3 {[%clk 0:27:31]} Kh8
{[%clk 0:06:13]} 27. Rbd1 {[%clk 0:16:39]} Qg7 {[%clk 0:03:33]} 28. Qd2
{[%clk 0:16:09]} e5 {[%clk 0:02:36]} 29. Nc3 {[%clk 0:11:09]} h6 {[%clk 0:00:44]}
30. g4 {[%clk 0:07:59]} Nf4 {[%clk 0:00:38]} 31. Bxf4 {[%clk 0:08:23]} exf4
{[%clk 0:01:07]} 32. Qxf4 {[%clk 0:08:45]} Be7 {[%clk 0:01:26]} 33. Nd5
{[%clk 0:08:54]} Rf8 {[%clk 0:01:05]} 34. Qg3 {[%clk 0:08:19]} Bd8
{[%clk 0:00:54]} 35. Nb6 {[%clk 0:03:03]} Bc7 {[%clk 0:00:40]} 36. Qe1
{[%clk 0:02:57]} Be8 {[%clk 0:00:43]} 37. Qc3 {[%clk 0:01:42]} Qxc3
{[%clk 0:00:35]} 38. Rxc3 {[%clk 0:02:11]} Rc5 {[%clk 0:00:42]} 39. b4 Rc6
{[%clk 0:01:08]} 40. Nd5 {[%clk 0:02:24]} Bd8 {[%clk 0:01:35]} 41. Rdc1
{[%clk 0:02:12]} Bg5 {[%clk 0:01:35]} 42. R1c2 {[%clk 0:01:55]} Bh4
{[%clk 0:02:04]} 43. Be2 {[%clk 0:01:15]} Be1 {[%clk 0:02:30]} 44. Rc4
{[%clk 0:01:39]} Rxc4 {[%clk 0:02:41]} 45. Rxc4 {[%clk 0:02:00]} Bb5
{[%clk 0:02:35]} 46. Rc2 {[%clk 0:02:29]} Bc6 {[%clk 0:03:04]} 47. Ne7
{[%clk 0:02:38]} Be8 {[%clk 0:03:15]} 48. Rc8 {[%clk 0:02:16]} Kg7
{[%clk 0:03:36]} 49. Rc7 {[%clk 0:01:57]} Kf6 {[%clk 0:03:30]} 50. Rxb7
{[%clk 0:01:55]} Ke5 {[%clk 0:03:59]} 51. Rb8 {[%clk 0:01:52]} Kf6
{[%clk 0:03:56]} 52. Nd5+ {[%clk 0:02:14]} Kg5 {[%clk 0:03:40]} 53. Nc7
{[%clk 0:02:02]} Kh4 {[%clk 0:03:25]} 54. Kg2 {[%clk 0:02:07]} d5
{[%clk 0:03:16]} 55. exd5 {[%clk 0:01:01]} Rf7 {[%clk 0:03:33]} 56. Nxe8
{[%clk 0:01:19]} Re7 {[%clk 0:04:00]} 57. Kf1 {[%clk 0:01:27]} Bg3
{[%clk 0:04:16]} 58. d6 {[%clk 0:01:51]} Re3 {[%clk 0:03:33]} 59. d7
{[%clk 0:01:48]} Rb3 {[%clk 0:02:34]} 60. d8=Q+ {[%clk 0:02:15]} Kxh3
{[%clk 0:03:00]} 61. Qd1 {[%clk 0:02:18]} 1-0

[Event "2nd Sharjah Masters International Chess Championship"]
[Site "Sharjah Culture & Chess Club"]
[Date "2018.04.19"]
[Round "9"]
[Board "30"]
[White "Pranav, V"]
[Black "Maroroa, Sue"]
[Result "1-0"]
[WhiteElo "2316"]
[BlackElo "2102"]
[PlyCount "0"]
[EventDate "2018.04.12"]
[EventRounds "9"]
[EventCountry "UAE"]

1. d4 {[%clk 1:30:59]} Nf6 {[%clk 1:30:56]} 2. Nc3 {[%clk 1:31:16]} d5
{[%clk 1:31:20]} 3. Bf4 {[%clk 1:31:38]} e6 {[%clk 1:29:45]} 4. Nb5
{[%clk 1:31:34]} Na6 {[%clk 1:29:55]} 5. e3 {[%clk 1:31:43]} Be7 {[%clk 1:27:22]}
6. Nf3 {[%clk 1:30:49]} Nh5 {[%clk 1:26:37]} 7. Be5 {[%clk 1:29:56]} Nf6
{[%clk 1:26:00]} 8. Nc3 {[%clk 1:29:07]} Nb8 {[%clk 1:25:19]} 9. Nb5
{[%clk 1:25:14]} Na6 {[%clk 1:25:30]} 10. c4 {[%clk 1:25:31]} Bb4+
{[%clk 1:24:15]} 11. Nc3 {[%clk 1:25:53]} O-O {[%clk 1:21:04]} 12. a3
{[%clk 1:25:56]} Bxc3+ {[%clk 1:16:37]} 13. bxc3 {[%clk 1:26:08]} Nb8
{[%clk 1:13:21]} 14. Bd3 {[%clk 1:25:16]} dxc4 {[%clk 1:12:10]} 15. Bxc4
{[%clk 1:25:24]} Nc6 {[%clk 1:12:25]} 16. O-O {[%clk 1:25:10]} b6
{[%clk 1:08:15]} 17. Bd3 {[%clk 1:22:04]} Bb7 {[%clk 1:05:01]} 18. Bxf6
{[%clk 1:21:45]} Qxf6 {[%clk 1:03:58]} 19. Be4 {[%clk 1:21:58]} Na5
{[%clk 1:02:36]} 20. Bxb7 {[%clk 1:21:32]} Nxb7 {[%clk 1:02:02]} 21. Ne5
{[%clk 1:21:54]} Rfd8 {[%clk 1:00:25]} 22. f4 {[%clk 1:21:49]} Nd6
{[%clk 1:00:31]} 23. Qf3 {[%clk 1:21:03]} Qh6 {[%clk 0:56:29]} 24. Qc6
{[%clk 1:16:02]} f6 {[%clk 0:54:46]} 25. Nf3 {[%clk 1:13:50]} Rac8
{[%clk 0:53:56]} 26. Rae1 {[%clk 1:12:11]} Qg6 {[%clk 0:53:55]} 27. Nd2
{[%clk 1:11:00]} Qe8 {[%clk 0:51:00]} 28. Qf3 {[%clk 1:10:51]} c5
{[%clk 0:51:20]} 29. Qh3 {[%clk 0:58:58]} Qd7 {[%clk 0:41:26]} 30. a4
{[%clk 0:57:11]} e5 {[%clk 0:40:44]} 31. Qxd7 {[%clk 0:56:13]} Rxd7
{[%clk 0:41:05]} 32. fxe5 {[%clk 0:56:16]} fxe5 {[%clk 0:40:52]} 33. dxe5
{[%clk 0:56:45]} Nf7 {[%clk 0:39:44]} 34. e6 {[%clk 0:56:14]} Rxd2
{[%clk 0:40:08]} 35. Rxf7 {[%clk 0:56:35]} Rd6 {[%clk 0:39:59]} 36. Re7
{[%clk 0:55:07]} Kf8 {[%clk 0:39:02]} 37. Rxa7 {[%clk 0:55:02]} Rxe6
{[%clk 0:39:28]} 38. Rf1+ {[%clk 0:55:22]} Kg8 {[%clk 0:38:11]} 39. Rff7
{[%clk 0:55:43]} Rg6 {[%clk 0:37:46]} 40. g3 h5 {[%clk 0:36:48]} 41. Kf2
{[%clk 0:50:29]} Rd8 {[%clk 0:34:55]} 42. Ke2 {[%clk 0:48:42]} h4
{[%clk 0:34:20]} 43. gxh4 {[%clk 0:46:19]} Rg2+ {[%clk 0:20:39]} 44. Rf2
{[%clk 0:46:06]} Rd2+ {[%clk 0:15:42]} 45. Kxd2 {[%clk 0:46:28]} Rxf2+
{[%clk 0:16:09]} 46. Kd3 {[%clk 0:46:49]} Rxh2 {[%clk 0:16:34]} 47. Kc4
{[%clk 0:46:34]} Rxh4+ {[%clk 0:16:46]} 48. Kb5 {[%clk 0:47:03]} g5
{[%clk 0:06:51]} 49. Rb7 {[%clk 0:44:14]} Rh7 {[%clk 0:06:05]} 50. Rb8+
{[%clk 0:39:29]} Kg7 {[%clk 0:06:34]} 51. Rxb6 {[%clk 0:39:07]} g4
{[%clk 0:06:24]} 52. Kxc5 {[%clk 0:39:24]} Rh5+ {[%clk 0:06:29]} 53. Kd4
{[%clk 0:38:49]} g3 {[%clk 0:06:29]} 54. Rb1 {[%clk 0:39:06]} Kf6
{[%clk 0:06:00]} 55. Rg1 {[%clk 0:39:04]} Rg5 {[%clk 0:06:09]} 56. e4
{[%clk 0:39:06]} Ke6 {[%clk 0:05:39]} 57. a5 {[%clk 0:38:14]} Kd6
{[%clk 0:03:59]} 58. a6 {[%clk 0:38:21]} Kc7 {[%clk 0:04:22]} 59. a7
{[%clk 0:38:20]} Kb7 {[%clk 0:04:46]} 60. Ke3 {[%clk 0:38:37]} Kxa7
{[%clk 0:04:45]} 61. Kf4 {[%clk 0:38:40]} Rc5 {[%clk 0:04:39]} 62. Rxg3
{[%clk 0:38:59]} Kb6 {[%clk 0:05:07]} 63. e5 {[%clk 0:39:19]} Rd5
{[%clk 0:05:15]} 64. Ke4 {[%clk 0:39:16]} Rd1 {[%clk 0:05:31]} 65. Rd3
{[%clk 0:39:32]} 1-0

[Event "2nd Sharjah Masters International Chess Championship"]
[Site "Sharjah Culture & Chess Club"]
[Date "2018.04.19"]
[Round "9"]
[Board "31"]
[White "Hejazipour, Mitra"]
[Black "Nikhil, Magizhnan"]
[Result "1-0"]
[WhiteElo "2304"]
[BlackElo "2105"]
[PlyCount "0"]
[EventDate "2018.04.12"]
[EventRounds "9"]
[EventCountry "UAE"]

1. c4 e6 2. g3 d5 3. Bg2 Nf6 4. Nf3 Be7 5. O-O O-O 6. d4 dxc4 7. Qc2 a6 8. a4
Nbd7 9. Rd1 Rb8 10. a5 c5 11. Nbd2 b5 12. axb6 Bb7 13. Nxc4 Rc8 14. Nfe5 Bxg2 15.
Kxg2 cxd4 16. Rxd4 Bc5 17. Rd1 Bxb6 18. Bf4 Qc7 19. Nxd7 Qc6+ 20. e4 Nxd7 21.
Rxd7 Qxd7 22. Nxb6 Rxc2 23. Nxd7 Rd8 24. Rd1 Kh8 25. Be5 Rc6 26. Rd3 f6 27. Bc3
Rc7 28. Nc5 Rxd3 29. Nxd3 Kg8 30. e5 Kf7 31. Kf3 Rc8 32. Ke3 Rc4 33. f4 h5 34.
exf6 gxf6 35. Nf2 Rc6 36. Ne4 e5 37. fxe5 fxe5 38. Bxe5 Ke6 39. Kf4 Rc4 40. b3
Rc8 41. Bd6 a5 42. Ba3 Rc2 43. h4 Ra2 44. Bc5 Kf7 45. Kg5 Rb2 46. Kxh5 Rxb3 47.
g4 a4 48. g5 a3 49. g6+ Ke6 50. Ng5+ Kf6 51. Bd4+ Kf5 52. g7 Rb8 53. Nf7 a2 54.
Ba1 Kf4 55. Nh6 Rb5+ 56. Kg6 Rb6+ 57. Kh7 Rb7 58. Kh8 Rb8+ 59. g8=Q Rxg8+ 60.
Kxg8 Kg3 61. Nf5+ Kg4 62. Kg7 Kh5 63. Kf6 Kg4 64. Kg6 Kf4 65. h5 Kg4 66. h6 1-0

[Event "2nd Sharjah Masters International Chess Championship"]
[Site "Sharjah Culture & Chess Club"]
[Date "2018.04.19"]
[Round "9"]
[Board "32"]
[White "Dixit, Nikhil"]
[Black "Jishitha, D"]
[Result "1/2-1/2"]
[WhiteElo "2285"]
[BlackElo "2083"]
[PlyCount "0"]
[EventDate "2018.04.12"]
[EventRounds "9"]
[EventCountry "UAE"]

1. e4 {[%clk 1:30:46]} c5 {[%clk 1:29:00]} 2. Nf3 {[%clk 1:31:10]} Nc6
{[%clk 1:29:25]} 3. Bb5 {[%clk 1:31:31]} Nd4 {[%clk 1:28:45]} 4. Nxd4
{[%clk 1:30:00]} cxd4 {[%clk 1:29:10]} 5. O-O {[%clk 1:30:10]} a6
{[%clk 1:28:29]} 6. Bc4 {[%clk 1:27:37]} e6 {[%clk 1:28:44]} 7. c3
{[%clk 1:23:38]} b5 {[%clk 1:28:51]} 8. Bb3 {[%clk 1:22:15]} Bb7 {[%clk 1:27:45]}
9. Re1 {[%clk 1:18:33]} d5 {[%clk 1:24:33]} 10. exd5 {[%clk 0:56:49]} Bxd5
{[%clk 1:24:57]} 11. cxd4 {[%clk 0:53:04]} Nf6 {[%clk 1:24:56]} 12. Bxd5
{[%clk 0:50:23]} Qxd5 {[%clk 1:13:16]} 13. Nc3 {[%clk 0:49:51]} Qxd4
{[%clk 1:13:12]} 14. Qf3 {[%clk 0:49:33]} Ra7 {[%clk 1:04:56]} 15. d3
{[%clk 0:48:37]} Qd7 {[%clk 1:05:20]} 16. Be3 {[%clk 0:43:45]} Rc7
{[%clk 1:05:30]} 17. Bf4 {[%clk 0:43:00]} Rc8 {[%clk 1:04:31]} 18. d4
{[%clk 0:35:30]} Be7 {[%clk 0:58:03]} 19. d5 {[%clk 0:31:06]} exd5
{[%clk 0:57:24]} 20. Bg5 {[%clk 0:27:26]} O-O {[%clk 0:55:51]} 21. Rxe7
{[%clk 0:20:45]} Qxe7 {[%clk 0:56:15]} 22. Nxd5 {[%clk 0:21:07]} Qe6
{[%clk 0:53:12]} 23. Nxf6+ {[%clk 0:19:50]} gxf6 {[%clk 0:53:37]} 24. Bh6
{[%clk 0:18:22]} Rc4 {[%clk 0:45:58]} 25. h3 {[%clk 0:17:11]} Qe5
{[%clk 0:45:20]} 26. Bxf8 {[%clk 0:14:07]} Kxf8 {[%clk 0:45:46]} 27. Rd1
{[%clk 0:12:50]} Rd4 {[%clk 0:45:20]} 28. Rc1 {[%clk 0:10:47]} Rc4
{[%clk 0:45:45]} 29. Rxc4 {[%clk 0:09:11]} bxc4 {[%clk 0:46:00]} 30. Qa3+
{[%clk 0:07:25]} Kg7 {[%clk 0:45:38]} 31. Qxa6 {[%clk 0:01:33]} Qe1+
{[%clk 0:46:01]} 32. Kh2 {[%clk 0:01:57]} Qe5+ {[%clk 0:46:26]} 33. Kg1
{[%clk 0:02:18]} Qe1+ {[%clk 0:46:50]} 34. Kh2 {[%clk 0:02:45]} Qe5+
{[%clk 0:47:08]} 35. g3 {[%clk 0:01:54]} Qxb2 {[%clk 0:47:33]} 36. Qxc4
{[%clk 0:02:20]} Qxf2+ {[%clk 0:47:57]} 37. Kh1 {[%clk 0:02:47]} Qf3+
{[%clk 0:47:41]} 38. Kh2 {[%clk 0:02:48]} Qf2+ {[%clk 0:48:00]} 39. Kh1
{[%clk 0:03:13]} Qf3+ {[%clk 0:45:21]} 1/2-1/2

[Event "2nd Sharjah Masters International Chess Championship"]
[Site "Sharjah Culture & Chess Club"]
[Date "2018.04.19"]
[Round "9"]
[Board "34"]
[White "Raahul, V S"]
[Black "Balasubramaniam, H"]
[Result "1/2-1/2"]
[WhiteElo "2258"]
[BlackElo "2060"]
[PlyCount "0"]
[EventDate "2018.04.12"]
[EventRounds "9"]
[EventCountry "UAE"]

1. c4 {[%clk 1:30:58]} c5 {[%clk 1:30:31]} 2. Nf3 {[%clk 1:31:20]} b6
{[%clk 1:30:54]} 3. d4 {[%clk 1:31:36]} cxd4 {[%clk 1:31:18]} 4. Nxd4
{[%clk 1:32:01]} Bb7 {[%clk 1:31:44]} 5. Nc3 {[%clk 1:31:53]} Nf6
{[%clk 1:32:10]} 6. f3 {[%clk 1:31:56]} e6 {[%clk 1:31:34]} 7. e4
{[%clk 1:32:05]} d6 {[%clk 1:31:57]} 8. Be2 {[%clk 1:31:58]} a6 {[%clk 1:31:48]}
9. O-O {[%clk 1:32:03]} Be7 {[%clk 1:32:01]} 10. Be3 {[%clk 1:30:20]} O-O
{[%clk 1:32:24]} 11. Qd2 {[%clk 1:29:35]} Nbd7 {[%clk 1:32:28]} 12. Rac1
{[%clk 1:29:03]} Qc7 {[%clk 1:31:30]} 13. Rfd1 {[%clk 1:26:02]} Rac8
{[%clk 1:31:34]} 14. b4 {[%clk 1:22:15]} Qb8 {[%clk 1:28:46]} 15. Nb3
{[%clk 1:22:07]} Bd8 {[%clk 1:24:55]} 16. Bf4 {[%clk 1:22:15]} Ne5
{[%clk 1:25:06]} 17. Qe3 {[%clk 1:08:23]} Nh5 {[%clk 1:18:33]} 18. Bxe5
{[%clk 1:08:23]} dxe5 {[%clk 1:19:01]} 19. g3 {[%clk 1:08:42]} h6
{[%clk 1:08:13]} 20. Rxd8 {[%clk 1:07:29]} Rfxd8 {[%clk 1:02:51]} 21. Qxb6
{[%clk 1:07:13]} Rd6 {[%clk 0:56:19]} 22. Qf2 {[%clk 1:04:00]} Nf6
{[%clk 0:56:02]} 23. c5 {[%clk 1:04:12]} Rdd8 {[%clk 0:55:49]} 24. Na4
{[%clk 1:01:07]} Nd7 {[%clk 0:53:37]} 25. Nb2 {[%clk 1:00:18]} Bc6
{[%clk 0:50:56]} 26. Bxa6 {[%clk 0:57:40]} Qxb4 {[%clk 0:49:57]} 27. Nd3
{[%clk 0:54:51]} Qa3 {[%clk 0:47:14]} 28. Bxc8 {[%clk 0:55:13]} Rxc8
{[%clk 0:47:43]} 29. Qd2 {[%clk 0:51:36]} Qa7 {[%clk 0:46:38]} 30. Qa5
{[%clk 0:51:06]} Qb7 {[%clk 0:46:39]} 31. Qc3 {[%clk 0:49:35]} Qa7
{[%clk 0:41:14]} 32. Nxe5 {[%clk 0:38:39]} Nxe5 {[%clk 0:41:40]} 33. Qxe5
{[%clk 0:39:06]} Qxa2 {[%clk 0:42:06]} 34. Qc3 {[%clk 0:39:34]} Rb8
{[%clk 0:36:55]} 35. Nd4 {[%clk 0:36:48]} Rb2 {[%clk 0:37:16]} 36. Rc2
{[%clk 0:37:08]} Qa1+ {[%clk 0:36:43]} 37. Rc1 {[%clk 0:37:36]} Qa2
{[%clk 0:37:08]} 38. Nc2 {[%clk 0:37:17]} Rb3 {[%clk 0:32:41]} 39. Qd4
{[%clk 0:30:51]} Rb1 {[%clk 0:30:56]} 1/2-1/2

[Event "2nd Sharjah Masters International Chess Championship"]
[Site "Sharjah Culture & Chess Club"]
[Date "2018.04.19"]
[Round "9"]
[Board "36"]
[White "Aradhya, Garg"]
[Black "Mohammed, Ahmed Said Al Amri"]
[Result "1-0"]
[WhiteElo "2218"]
[BlackElo "1785"]
[PlyCount "0"]
[EventDate "2018.04.12"]
[EventRounds "9"]
[EventCountry "UAE"]

1. d4 {[%clk 1:28:44]} Nf6 {[%clk 1:30:51]} 2. c4 {[%clk 1:29:11]} e6
{[%clk 1:31:10]} 3. Nc3 {[%clk 1:25:27]} c5 {[%clk 1:31:19]} 4. d5
{[%clk 1:24:42]} exd5 {[%clk 1:30:39]} 5. cxd5 {[%clk 1:25:05]} d6
{[%clk 1:31:04]} 6. e4 {[%clk 1:25:30]} g6 {[%clk 1:31:34]} 7. Nf3
{[%clk 1:25:56]} Bg7 {[%clk 1:27:37]} 8. h3 {[%clk 1:25:49]} O-O {[%clk 1:27:57]}
9. Bd3 {[%clk 1:26:06]} b5 {[%clk 1:27:36]} 10. Nxb5 {[%clk 1:26:04]} Nxe4
{[%clk 1:26:59]} 11. Bxe4 {[%clk 1:25:48]} Re8 {[%clk 1:27:09]} 12. Ng5
{[%clk 1:24:45]} f5 {[%clk 1:26:03]} 13. O-O {[%clk 1:14:56]} fxe4
{[%clk 1:26:29]} 14. Ne6 {[%clk 1:15:15]} Bxe6 {[%clk 1:24:22]} 15. dxe6
{[%clk 1:15:43]} d5 {[%clk 1:24:20]} 16. e7 {[%clk 0:56:21]} Rxe7
{[%clk 1:15:57]} 17. Bg5 {[%clk 0:56:33]} Nc6 {[%clk 1:16:19]} 18. Rc1
{[%clk 0:54:17]} c4 {[%clk 1:12:22]} 19. b3 {[%clk 0:45:51]} a6 {[%clk 1:11:45]}
20. Nc3 {[%clk 0:37:41]} d4 {[%clk 1:10:16]} 21. Nxe4 {[%clk 0:37:46]} c3
{[%clk 1:10:46]} 22. Re1 {[%clk 0:29:10]} Qc7 {[%clk 1:09:30]} 23. Bxe7
{[%clk 0:28:18]} Nxe7 {[%clk 1:09:59]} 24. Nxc3 {[%clk 0:27:00]} dxc3
{[%clk 1:00:28]} 25. Rxe7 {[%clk 0:27:20]} Qc6 {[%clk 0:59:27]} 26. Rxg7+
{[%clk 0:20:56]} Kxg7 {[%clk 0:59:40]} 27. Qd4+ {[%clk 0:21:24]} Kg8
{[%clk 0:58:54]} 28. Rxc3 {[%clk 0:20:45]} Qe6 {[%clk 0:58:19]} 29. Qc4
{[%clk 0:21:01]} Qxc4 {[%clk 0:58:23]} 30. Rxc4 {[%clk 0:18:22]} Kg7
{[%clk 0:58:19]} 31. Rc7+ {[%clk 0:18:06]} Kg8 {[%clk 0:58:24]} 32. b4
{[%clk 0:17:21]} Rd8 {[%clk 0:58:39]} 33. Ra7 {[%clk 0:17:44]} Rd1+
{[%clk 0:59:04]} 34. Kh2 {[%clk 0:18:13]} Rd6 {[%clk 0:58:51]} 35. a4
{[%clk 0:17:49]} h5 {[%clk 0:59:12]} 36. a5 {[%clk 0:17:40]} Kf8 {[%clk 0:58:09]}
37. Rb7 {[%clk 0:17:59]} Ke8 {[%clk 0:58:31]} 38. Rb6 {[%clk 0:17:16]} Rxb6
{[%clk 0:57:35]} 39. axb6 Kd7 40. g4 {[%clk 0:17:57]} Kc6 {[%clk 0:58:32]} 41.
gxh5 {[%clk 0:18:11]} gxh5 {[%clk 0:58:59]} 42. f4 {[%clk 0:18:24]} Kxb6
{[%clk 0:59:28]} 43. f5 {[%clk 0:18:45]} Kc6 {[%clk 0:59:00]} 44. Kg3
{[%clk 0:19:01]} Kd5 {[%clk 0:59:28]} 45. Kf4 {[%clk 0:19:22]} Kd6
{[%clk 0:59:40]} 46. h4 {[%clk 0:19:46]} Kd5 {[%clk 1:00:05]} 47. Kg5
{[%clk 0:20:10]} Ke5 {[%clk 1:00:33]} 48. f6 {[%clk 0:20:36]} 1-0

[Event "2nd Sharjah Masters International Chess Championship"]
[Site "Sharjah Culture & Chess Club"]
[Date "2018.04.19"]
[Round "9"]
[Board "37"]
[White "Sun, Chao"]
[Black "Sultan, Ibrahim"]
[Result "0-1"]
[WhiteElo "2041"]
[BlackElo "2141"]
[PlyCount "0"]
[EventDate "2018.04.12"]
[EventRounds "9"]
[EventCountry "UAE"]

1. e4 {[%clk 1:30:29]} e6 {[%clk 1:18:14]} 2. d4 {[%clk 1:25:18]} d5
{[%clk 1:17:47]} 3. Nd2 {[%clk 1:25:45]} c5 {[%clk 1:17:58]} 4. exd5
{[%clk 1:26:09]} Qxd5 {[%clk 1:18:10]} 5. Ngf3 {[%clk 1:26:36]} cxd4
{[%clk 1:18:30]} 6. Bc4 {[%clk 1:27:03]} Qd7 {[%clk 1:18:53]} 7. O-O
{[%clk 1:27:26]} Nf6 {[%clk 1:19:19]} 8. Nb3 {[%clk 1:27:49]} Nc6
{[%clk 1:19:44]} 9. Nbxd4 {[%clk 1:28:10]} Nxd4 {[%clk 1:20:07]} 10. Qxd4
{[%clk 1:28:18]} Qxd4 {[%clk 1:19:28]} 11. Nxd4 {[%clk 1:28:42]} Bd7
{[%clk 1:19:51]} 12. Re1 {[%clk 1:25:54]} Bc5 {[%clk 1:13:21]} 13. Be3
{[%clk 1:24:51]} Rc8 {[%clk 1:09:31]} 14. Bb3 {[%clk 1:23:32]} O-O
{[%clk 1:08:30]} 15. h3 {[%clk 1:23:35]} Rfd8 {[%clk 0:45:49]} 16. Rad1
{[%clk 1:23:56]} Bb6 {[%clk 0:39:04]} 17. c3 {[%clk 1:23:54]} Be8
{[%clk 0:34:21]} 18. Nc2 {[%clk 1:19:43]} Bxe3 {[%clk 0:34:32]} 19. Nxe3
{[%clk 1:20:09]} Bc6 {[%clk 0:33:16]} 20. Rxd8+ {[%clk 1:19:11]} Rxd8
{[%clk 0:33:37]} 21. Rd1 {[%clk 1:19:39]} Rxd1+ {[%clk 0:33:36]} 22. Bxd1
{[%clk 1:20:06]} Kf8 {[%clk 0:33:22]} 23. f3 {[%clk 1:20:19]} g5 {[%clk 0:31:20]}
24. Kf2 {[%clk 1:20:38]} Nd7 {[%clk 0:27:53]} 25. g3 {[%clk 1:20:45]} Ne5
{[%clk 0:23:34]} 26. Be2 {[%clk 1:21:10]} Ke7 {[%clk 0:19:29]} 27. Nc4
{[%clk 1:21:01]} Nxc4 {[%clk 0:18:58]} 28. Bxc4 {[%clk 1:21:27]} Bd5
{[%clk 0:18:38]} 29. Bxd5 {[%clk 1:21:50]} exd5 {[%clk 0:19:06]} 30. Ke3
{[%clk 1:22:10]} Ke6 {[%clk 0:19:19]} 31. Kd4 {[%clk 1:22:09]} h5
{[%clk 0:18:13]} 32. g4 {[%clk 1:21:45]} h4 {[%clk 0:17:12]} 33. a4
{[%clk 1:21:54]} b6 {[%clk 0:13:02]} 34. b3 {[%clk 1:22:08]} Kd6 {[%clk 0:10:34]}
35. c4 {[%clk 1:19:41]} dxc4 {[%clk 0:11:01]} 36. Kxc4 {[%clk 1:20:09]} Ke5
{[%clk 0:08:12]} 37. Kb5 {[%clk 1:20:36]} Kf4 {[%clk 0:08:34]} 38. Ka6
{[%clk 1:21:04]} Kg3 {[%clk 0:08:59]} 39. Kxa7 {[%clk 1:21:32]} Kxh3
{[%clk 0:09:21]} 40. Kxb6 {[%clk 1:21:51]} Kg3 {[%clk 0:09:48]} 41. a5
{[%clk 1:22:16]} h3 {[%clk 0:10:14]} 42. a6 {[%clk 1:22:44]} h2 {[%clk 0:10:38]}
43. a7 {[%clk 1:23:12]} h1=Q {[%clk 0:11:01]} 44. a8=Q {[%clk 1:23:40]} Qxf3
{[%clk 0:08:16]} 45. Qxf3+ {[%clk 1:24:05]} Kxf3 {[%clk 0:08:42]} 46. Kc6
{[%clk 1:24:31]} Kxg4 {[%clk 0:09:06]} 47. b4 {[%clk 1:25:00]} Kf5
{[%clk 0:08:55]} 48. b5 {[%clk 1:25:27]} g4 {[%clk 0:09:18]} 49. b6
{[%clk 1:25:52]} g3 {[%clk 0:09:45]} 50. b7 {[%clk 1:26:20]} g2 {[%clk 0:10:10]}
51. b8=Q {[%clk 1:26:47]} g1=Q {[%clk 0:10:32]} 52. Qc8+ {[%clk 1:27:06]} Kf6
{[%clk 0:10:33]} 53. Qh8+ {[%clk 1:27:30]} Qg7 {[%clk 0:10:12]} 54. Qh4+
{[%clk 1:27:16]} Qg5 {[%clk 0:08:38]} 55. Qd4+ {[%clk 1:26:42]} Kg6
{[%clk 0:08:37]} 56. Qe4+ {[%clk 1:26:34]} Kh6 {[%clk 0:08:12]} 57. Kd7
{[%clk 1:26:25]} f5 {[%clk 0:07:18]} 58. Qh1+ {[%clk 1:26:02]} Kg6
{[%clk 0:06:51]} 59. Qb1 {[%clk 1:25:04]} Qe3 {[%clk 0:07:03]} 60. Qb2
{[%clk 1:23:45]} f4 {[%clk 0:05:42]} 61. Qg2+ {[%clk 1:24:11]} Kf6
{[%clk 0:05:47]} 62. Qc6+ {[%clk 1:24:06]} Kg5 {[%clk 0:06:00]} 63. Qd5+
{[%clk 1:24:30]} Kh4 {[%clk 0:06:17]} 64. Qc4 {[%clk 1:24:24]} Kh3
{[%clk 0:06:23]} 65. Qg8 {[%clk 1:21:56]} f3 {[%clk 0:06:18]} 66. Qh7+
{[%clk 1:22:22]} Kg2 {[%clk 0:06:30]} 67. Qg6+ {[%clk 1:22:48]} Kf1
{[%clk 0:06:48]} 68. Qc2 {[%clk 1:22:30]} f2 {[%clk 0:06:05]} 69. Qd1+
{[%clk 1:22:34]} Kg2 {[%clk 0:06:27]} 70. Qg4+ {[%clk 1:22:21]} Kh2
{[%clk 0:06:47]} 71. Qd1 0-1